Statistics for Band by Guitarist

Click here to take the quiz!

General Stats

  • This quiz has been taken 123 times
  • The average score is 15 of 22

Answer Stats

Guitar PlayerBand% Correct
George HarrisonThe Beatles
95%
Brian MayQueen
94%
Angus YoungAC/DC
92%
Keith RichardsThe Rolling Stones
92%
SlashGuns N' Roses/Velvet Revolver
89%
Jimmy PageLed Zeppelin
89%
Pete TownshendThe Who
86%
The EdgeU2
82%
Jack WhiteThe White Stripes
78%
Mark KnopflerDire Straits
76%
David GilmourPink Floyd
76%
James HetfieldMetallica
75%
Tony IommiBlack Sabbath
63%
Joe PerryAerosmith
61%
John FruscianteRed Hot Chili Peppers
59%
Lou ReedThe Velvet Underground
58%
Glenn FreyEagles
54%
Tom MorelloRage Against the Machine
51%
Robby KriegerThe Doors
37%
Dimebag DarrellPantera
33%
Johnny GreenwoodRadiohead
26%
Robert FrippKing Crimson
25%

Score Distribution

Percentile by Number Answered

Percent of People with Each Score

Your Score History

You have not taken this quiz